Сибирские строки: русские и советские поэты о Сибири

Podrobná bibliografie
Další autoři: Преловский А. В. Анатолий Васильевич (составитель), Куняев С. (автор предисловия), Космынин Ю. (иллюстратор)
Jazyk:ruština
Vydáno: Москва, Молодая гвардия, 1984
Témata:
Médium: MixedMaterials Kniha
KOHA link:https://koha.lib.tpu.ru/cgi-bin/koha/opac-detail.pl?biblionumber=165084

MARC

LEADER 00000nam0a2200000 4500
001 165084
005 20241018101103.0
035 |a (RuTPU)RU\TPU\book\179095 
090 |a 165084 
100 |a 20090914d1984 m y0rusy5003 ca 
101 0 |a rus 
102 |a RU 
105 |a a z 001ay 
200 1 |a Сибирские строки  |e русские и советские поэты о Сибири  |f сост. А. В. Преловский ; авт. предисл. С. Куняев ; худож. Ю. Космынин 
210 |a Москва  |c Молодая гвардия  |d 1984 
215 |a 463 с.  |c ил.  |d 27 см 
320 |a Справки об авторах: с. 443-452 
610 1 |a русская поэзия 
610 1 |a русские поэты 
610 1 |a Сибирь 
610 1 |a сборники 
675 |a 8-8 
702 1 |a Преловский  |b А. В.  |g Анатолий Васильевич  |4 220 
702 1 |a Куняев  |b С.  |4 080 
702 1 |a Космынин  |b Ю.  |4 440 
801 0 |a RU  |b RuMRKP  |c 19950704  |g psbo 
801 1 |a RU  |b 63413507  |c 20090914 
801 2 |a RU  |b 63413507  |c 20090914  |g RCR 
942 |c BK